What we talk about when we talk about love : (Record no. 118737)
[ view plain ]
| 000 -LEADER | |
|---|---|
| fixed length control field | 00739pam a2200229 a 4500 |
| 001 - CONTROL NUMBER | |
| control field | 2789417 |
| 003 - CONTROL NUMBER IDENTIFIER | |
| control field | ARRUPE |
| 005 - DATE AND TIME OF LATEST TRANSACTION | |
| control field | 20131126171818.0 |
| 008 - FIXED-LENGTH DATA ELEMENTS--GENERAL INFORMATION | |
| fixed length control field | 810805r19821981nyu 000 1 eng |
| 010 ## - LIBRARY OF CONGRESS CONTROL NUMBER | |
| LC control number | 81052447 |
| 020 ## - INTERNATIONAL STANDARD BOOK NUMBER | |
| Cancelled/invalid ISBN | 0394750805 (pbk.) : |
| Terms of availability | $2.95 |
| 040 ## - CATALOGING SOURCE | |
| Original cataloging agency | DLC |
| Transcribing agency | DLC |
| Modifying agency | DLC |
| 050 10 - LIBRARY OF CONGRESS CALL NUMBER | |
| Classification number | PS3553.A7894 |
| Item number | W4 1982 |
| 300 ## - PHYSICAL DESCRIPTION | |
| Dimensions | 19 cm. |
| 100 1# - MAIN ENTRY--PERSONAL NAME | |
| Personal name | Carver, Raymond, |
| Dates associated with a name | 1938-1988. |
| 9 (RLIN) | 4045 |
| 245 10 - TITLE STATEMENT | |
| Title | What we talk about when we talk about love : |
| Remainder of title | stories / |
| Statement of responsibility, etc | by Raymond Carver. |
| 250 ## - EDITION STATEMENT | |
| Edition statement | 1st Vintage Books ed. |
| 260 ## - PUBLICATION, DISTRIBUTION, ETC. (IMPRINT) | |
| Place of publication, distribution, etc | New York : |
| Name of publisher, distributor, etc | Vintage Books, |
| Date of publication, distribution, etc | 1982, c1981. |
| 300 ## - PHYSICAL DESCRIPTION | |
| Extent | 159 p. ; |
| 500 ## - GENERAL NOTE | |
| General note | Originally published: New York : Knopf, 1981. |
| 906 ## - LOCAL DATA ELEMENT F, LDF (RLIN) | |
| a | 7 |
| b | cbc |
| c | orignew |
| d | 1 |
| e | ocip |
| f | 19 |
| g | y-gencatlg |
| 942 ## - ADDED ENTRY ELEMENTS (KOHA) | |
| Source of classification or shelving scheme | Library of Congress Classification |
| Koha item type | Monograph ( Printed materials) |
| Withdrawn status | Lost status | Source of classification or shelving scheme | Damaged status | Not for loan | Home library | Current library | Shelving location | Date acquired | Total Checkouts | Full call number | Barcode | Date last seen | Price effective from | Koha item type |
|---|---|---|---|---|---|---|---|---|---|---|---|---|---|---|
| Library of Congress Classification | ARRUPE LIBRARY | ARRUPE LIBRARY | Main Collection | 26/11/2013 | PS3553.A7894 W4 1982 | 46410600 | 26/11/2013 | 26/11/2013 | Monograph ( Printed materials) |